Visualizzazione normale
Vista MARC
- Gross Walter
di Personal Name
Records bibliografici associati: 1
001 - CONTROL NUMBER
- control field: 13865
003 - CONTROL NUMBER IDENTIFIER
- control field: IT-RoPau
005 - DATE AND TIME OF LATEST TRANSACTION
- control field: 20140217213637.0
008 - FIXED-LENGTH DATA ELEMENTS
- fixed length control field: 140217|| aca||aabn | a|a d
040 ## - CATALOGING SOURCE
- Original cataloging agency: IT-RoPau
- Transcribing agency: IT-RoPau
100 ## - HEADING--PERSONAL NAME
- Personal name: Gross Walter
- Dates associated with a name: Codice autore musica SPICS: 15709
- Relator term: Autore musica
- Name of part/section of a work: Tenderly
670 ## - SOURCE DATA FOUND
- Source citation: Work cat.: (IT-RoPau)100148: AA.VV. 794, Voci del jazz (Le)